Актуальные проблемы гуманитарных наук: сборник научных трудов студентов, аспирантов и молодых ученых 21-22 апреля 2011 г., Томск
| Kurumsal yazarlar: | , |
|---|---|
| Özet: | Заглавие с титульного экрана В труды конференции включены статьи студентов, аспирантов и ученых России Ближнего и Дальнего Зарубежья по следующим направлениям: менеджмент организации, управление человеческими ресурсами, философия науки и образования, регионоведение, социально-культурный сервис и туризм, связи с общественностью и реклама, современные коммуникативные практики, коммуникации и технологии в социально-культурной сфере. Публикации представлены на русском,немецком и английском языках. Орфография и стилистика авторов сохранена |
| Dil: | Rusça Almanca İngilizce |
| Baskı/Yayın Bilgisi: |
Томск, Изд-во ТПУ, 2011
|
| Konular: | |
| Online Erişim: | http://www.lib.tpu.ru/fulltext/c/2011/C20/C20.pdf |
| Materyal Türü: | Elektronik Kitap |
| KOHA link: | https://koha.lib.tpu.ru/cgi-bin/koha/opac-detail.pl?biblionumber=235582 |
MARC
| LEADER | 00000nlm0a2200000 4500 | ||
|---|---|---|---|
| 001 | 235582 | ||
| 005 | 20231101231418.0 | ||
| 035 | |a (RuTPU)RU\TPU\book\256720 | ||
| 035 | |a RU\TPU\book\240857 | ||
| 090 | |a 235582 | ||
| 100 | |a 20130412d2011 k y0rusy50 ca | ||
| 101 | 0 | |a rus |a ger |a eng | |
| 102 | |a RU | ||
| 105 | |a a z 101zy | ||
| 135 | |a drcn ---uucaa | ||
| 181 | 0 | |a i | |
| 182 | 0 | |a b | |
| 200 | 1 | |a Актуальные проблемы гуманитарных наук |b Электронный ресурс |e сборник научных трудов студентов, аспирантов и молодых ученых 21-22 апреля 2011 г., Томск |f Национальный исследовательский Томский политехнический университет (ТПУ) | |
| 203 | |a Текст |c электронный | ||
| 210 | |a Томск |c Изд-во ТПУ |d 2011 | ||
| 230 | |a 1 компьютерный файл (pdf; 6.2 MB) | ||
| 300 | |a Заглавие с титульного экрана | ||
| 330 | |a В труды конференции включены статьи студентов, аспирантов и ученых России Ближнего и Дальнего Зарубежья по следующим направлениям: менеджмент организации, управление человеческими ресурсами, философия науки и образования, регионоведение, социально-культурный сервис и туризм, связи с общественностью и реклама, современные коммуникативные практики, коммуникации и технологии в социально-культурной сфере. Публикации представлены на русском,немецком и английском языках. Орфография и стилистика авторов сохранена | ||
| 337 | |a Adobe Reader | ||
| 452 | 1 | |0 (RuTPU)RU\TPU\book\250417 |y 978-5-98298-887-4 |t Актуальные проблемы гуманитарных наук |o труды Х международной научно-практической конференции студентов, аспирантов и молодых ученых, г. Томск, 21-22 апреля 2011 г. |f Национальный исследовательский Томский политехнический университет (ТПУ) |c Томск |n Изд-во ТПУ |d 2011 |p 550 с. | |
| 606 | 1 | |a Философия науки |2 stltpush |3 (RuTPU)RU\TPU\subj\63888 |9 80820 | |
| 606 | 1 | |a Менеджмент |2 stltpush |3 (RuTPU)RU\TPU\subj\42098 |9 61850 | |
| 606 | 1 | |a Социальная работа |x Теория |2 stltpush |3 (RuTPU)RU\TPU\subj\36954 |9 58145 | |
| 606 | 1 | |a Туризм |x Экономика |2 stltpush |3 (RuTPU)RU\TPU\subj\53770 |9 71935 | |
| 606 | 1 | |a Связи с общественностью |2 stltpush |3 (RuTPU)RU\TPU\subj\67473 |9 83258 | |
| 610 | 1 | |a организационный менеджмент | |
| 610 | 1 | |a персонал-технологии | |
| 610 | 1 | |a социально-культурный сервис | |
| 610 | 1 | |a документоведение | |
| 610 | 1 | |a реклама | |
| 610 | 1 | |a имидж | |
| 610 | 1 | |a регионоведение | |
| 610 | 1 | |a китаеведение | |
| 610 | 1 | |a философские науки | |
| 610 | 1 | |a образование | |
| 610 | 1 | |a языкознание | |
| 610 | 1 | |a электронный ресурс | |
| 610 | 1 | |a конференции | |
| 610 | 1 | |a труды учёных ТПУ | |
| 610 | 1 | |a языковые коммуникации | |
| 610 | 1 | |a связи с общественностью | |
| 610 | 1 | |a кадровый менеджмент | |
| 610 | 1 | |a таможенное дело | |
| 610 | 1 | |a документоведение | |
| 675 | |a 659.4(063) |v 3 | ||
| 686 | |a Ю25л0 |v LBC/SL-A |2 rubbk | ||
| 686 | |a У9(2)212л0 |v LBC/SL-A |2 rubbk | ||
| 686 | |a У9(2)272л0 |v LBC/SL-A |2 rubbk | ||
| 686 | |a У9(2)43л0 |v LBC/SL-A |2 rubbk | ||
| 686 | |a Сл0 |v LBC/SL-A |2 rubbk | ||
| 712 | 0 | 2 | |a Национальный исследовательский Томский политехнический университет (ТПУ) |c (2009- ) |2 stltpush |3 (RuTPU)RU\TPU\col\15902 |
| 712 | 1 | 2 | |a Актуальные проблемы гуманитарных наук |b международная научно-практическая конференция |d 10 |e Томск |f 2011 |
| 801 | 2 | |a RU |b 63413507 |c 20130515 |g RCR | |
| 856 | 4 | |u http://www.lib.tpu.ru/fulltext/c/2011/C20/C20.pdf | |
| 942 | |c CF | ||